000 00862cab a2200241 4500
001 WB3432-01
008 090401t1998 xxu||||| |||| 00| 0 eng d
035 _a(Sirsi) u88056
041 _aeng
245 _aPoultry bill
260 _c1998
350 _a0
490 _aSunday Business
_v16 August 1998, 3(1)
520 _aThe main contractor for the controversial City development, One Poultry, is to refer a long running payment dispute with the developer to an arbitrator.
650 _aMANAGEMENT-DISPUTE AVOIDANCE, MANAGEMENT AND RESOLUTION-DISPUTE MANAGEMENT AND RESOLUTION-ARBITRATION
650 _aCONTRACT DISPUTES
650 _aCOSTS
650 _aONE POULTRY
650 _aPAYMENTS
690 _aMANAGEMENT-DISPUTE AVOIDANCE, MANAGEMENT AND RESOLUTION-DISPUTE MANAGEMENT AND RESOLUTION-ARBITRATION
942 _n0
948 _c19/08/1998
999 _c55608
_d55608